| 000 | 01671nac a22003371u 4500 | ||
|---|---|---|---|
| 010 | _a 2006015047 | ||
| 020 | _a0321334434 (hardback : alk. paper) | ||
| 020 | _a9780321334435 | ||
| 035 | _a(OCoLC)ocm68624091 | ||
| 082 | 0 | 0 |
_a005.133 _bHEJ |
| 090 |
_c5198 _d5198 |
||
| 100 | _aHejlsberg, Anders. | ||
| 245 | 1 | 4 |
_aThe C _a programming language / _cAnders Hejlsberg, Scott Wiltamuth, Peter Golde. |
| 246 | 3 | _aC programming language | |
| 246 | 3 | _aC sharp programming language | |
| 250 | _a2nd ed. | ||
| 260 |
_aUpper Saddle River, NJ : _bAddison-Wesley,2006 _cc2006. |
||
| 300 |
_axiv, 704 p. ; _c24 cm. |
||
| 440 | 0 | _aMicrosoft .NET development series | |
| 500 | _aIncludes index. | ||
| 500 |
_a 2.0"--Cover. _a"Revised and updated for C |
||
| 500 | _adistributer: Al-Ahram | ||
| 505 | 0 |
_aIntroduction -- Lexical structure -- Basic concepts -- Types -- Variables -- Conversions -- Expressions -- Statements -- Namespaces -- Classes -- Structs -- Arrays -- Interfaces -- Enums -- Delegates -- Exceptions -- Attributes -- Unsafe code -- Introduction to C _a 2.0 -- Generics -- Anonymous methods -- Iterators -- Partial types -- Nullable types -- Other features -- Appendixes -- Appendix A documentation comments -- Appendix B grammar -- Index. |
|
| 511 | _acatalogued by: wessam | ||
| 650 | 0 |
_a (Computer program language) _aC |
|
| 700 | 1 | _aWiltamuth, Scott. | |
| 700 | 1 | _aGolde, Peter. | |
| 856 | 4 | 1 |
_3Table of contents _uhttp://www.loc.gov/catdir/toc/ecip0613/2006015047.html |
| 942 |
_cBB _k005.133HEJ |
||
| 999 |
_c5198 _d5198 |
||